Zwycięscy ligi mistrzów 2015-2023 - Statystyki

Ogólne statystyki
  • Ten quiz został rozwiązany 116 razy
  • Średni wynik to 7 z 9
Statystyki odpowiedzi
Hint Odpowiedź % Poprawnych
2022 Real Madryt
96%
2018 Real Madryt
96%
2017 Real Madryt
96%
2016 Real Madryt
96%
2020 Bayern
75%
2023 Manchester City
73%
2021 Chelsea
71%
2019 Liverpool
69%
2015 Fc Barcelona
67%
Nie znaleziono quizów pasujących do podanych kryteriów
Rozkład punktacji
Procent ludzi z każdym wynikiem
Percentyl według liczby udzielonych odpowiedzi
Twoja historia wyników
Nie rozwiązałeś tego quizu